000 00476nam a2200157Ia 4500
999 _c5437
_d5437
003 OSt
005 20200127114904.0
008 190216s9999||||xx |||||||||||||| ||und||
040 _coclc
082 _a338.5024658
_bPYL/M
100 _aPylee, M V
_91582
245 0 _aManagerial Economics /
_cM V Pylee ; K C Sankara Narayanan
260 _bS Chand & Co,
_c1988.
_aNew Delhi:
300 _a293p
942 _cBK
_2ddc
_h338.5024658
_iPYL/M
_k338.5024658
_mPYL/M